000 00433nam a2200157Ia 4500
005 20250502103701.0
008 231217s9999 xx 000 0 und d
020 _a9780070634145
082 _a001.64404 FOR1;91
100 _aForouzan, Behrouz A. Fegan, Sophia Chung.
245 0 _aData communications and networking
250 _a4th ed.
260 _c2009
_bTata McGraw-Hill
_aNew Delhi
300 _axxxiv+1134
942 _cAA
999 _c183587
_d183587